| 000 | 01051nam a2200265 4500 | ||
|---|---|---|---|
| 001 | 143857 | ||
| 003 | ES-MaACL | ||
| 005 | 20251201193357.0 | ||
| 007 | t| | ||
| 008 | 070214n19001980sp r ||||1| spa d | ||
| 100 | 1 |
_aShakespeare, William, _d1564-1616 _9105992 |
|
| 245 | 1 | 0 |
_aComedias / _cWilliam Shakespeare ; traducción, noticias preliminares, apéndice y notas de Juan B. Bergua. |
| 260 |
_aMadrid : _bEd. Ibéricas, _c[19__?] ( _fSèz) |
||
| 300 |
_a467 p. ; _c16 cm. |
||
| 490 | 1 | _aBiblioteca de bolsillo (Ediciones Ibéricas | |
| 500 | _aContiene: Los dos hidalgos de Verona ---- La comedia de las equivocaciones ---- Penas, por amor, perdidas ---- La doma de la tarasca. | ||
| 700 | 1 |
_aBergua, Juan B., _d1892-1991 _928018 |
|
| 740 | 0 | _aLos dos hidalgos de Verona. | |
| 740 | 0 | _aLa comedia de las equivocaciones. | |
| 740 | 0 | _aPenas, por amor, perdidas. | |
| 740 | 0 | _aLa doma de la tarasca. | |
| 830 | 0 |
_aBiblioteca de bolsillo (Ediciones Ibéricas _9220617 |
|
| 852 |
_aES-MaACL _jC-14010 _bR.41807 |
||
| 999 |
_c143857 _d143857 |
||